Geography Quiz

Random Geography or Blitz Quiz

States That Border Virginia Quiz Stats

Quiz Updated Dec 27, 2015

Challenge
Share
Tweet
Embed
Score 0/5 Timer 01:00
5 Plays Today
% Correct
West Virginia
98.1%
North Carolina
94.9%
Maryland
92.6%
Tennessee
84%
Kentucky
84%

You're not logged in!

Compare scores with friends on all Sporcle quizzes.
Sign Up with Email
OR
Log In

You Might Also Like...

Show Comments

Extras

Top Quizzes Today


Score Distribution

Your Account Isn't Verified!

In order to create a playlist on Sporcle, you need to verify the email address you used during registration. Go to your Sporcle Settings to finish the process.